00477nam a22001457a 450000500170000000800410001702000150005804100120007308200120008510000120009724501120010926000560022130000290027765000250030620240809130503.0240809b |||||||| |||| 00| 0 eng d a0409017434 aEnglish a349 SOU lEnglish aButterworths Index and Noter-Up to the All South African Law Reports and the South African Law Reports 2002 aDurban: bButterworth Publishers (Pty) Ltd, c2003  bxi, 256 pages; c25 cm.  aLegal practice bLaw